| Tag |
First Indicator |
Second Indicator |
Subfields |
| LEADER |
00000cam a2200000 a 4500 |
| 001 |
in00001508607 |
| 005 |
20151021100129.0 |
| 008 |
991015s1980 ru a 000 0 rus d |
| 035 |
|
|
|a (OCoLC)42647771
|
| 035 |
|
|
|9 AJK8573AM
|
| 040 |
|
|
|a TXA
|c TXA
|d UtOrBLW
|
| 043 |
|
|
|a e-ur---
|
| 049 |
|
|
|a TXAM
|
| 090 |
|
|
|a UF565.R9
|b L33 1980
|
| 100 |
1 |
|
|a Latukhin, A. N.
|q (Aleksandr Nikolaevich)
|
| 245 |
1 |
0 |
|a Minomety vedut ogonʹ /
|c A.N. Latukhin.
|
| 250 |
|
|
|a Izd. 2-e, perer.
|
| 264 |
|
1 |
|a Moskva :
|b Izd-vo DOSAAF SSSR,
|c 1980.
|
| 300 |
|
|
|a 111 pages :
|b illustrations ;
|c 20 cm.
|
| 336 |
|
|
|a text
|b txt
|2 rdacontent
|
| 337 |
|
|
|a unmediated
|b n
|2 rdamedia
|
| 338 |
|
|
|a volume
|b nc
|2 rdacarrier
|
| 490 |
1 |
|
|a Molodezhi o Vooruzhennykh Silakh
|
| 650 |
|
0 |
|a Mortars (Ordnance)
|
| 830 |
|
0 |
|a Molodezhi o Vooruzhennykh Silakh.
|
| 948 |
|
|
|a c:mh
|
| 999 |
|
|
|a MARS
|
| 999 |
f |
f |
|s fe57d115-eca7-3da4-963f-5e0a8cc07827
|i 4f375d22-5947-3fea-b06d-db250acafcc4
|t 0
|
| 952 |
f |
f |
|p noncirc
|a Texas A&M University
|b College Station
|c Cushing Memorial Library & Archives
|d Cushing: Ragan Military (Does not check out)
|t 0
|e UF565.R9 L33 1980
|h Library of Congress classification
|i unmediated -- volume
|
| 998 |
f |
f |
|a UF565.R9 L33 1980
|t 0
|l Cushing: Ragan Military (Does not check out)
|